000 00337nam a22001577a 4500
020 _a978-81-219-2537-2
041 _aENG
100 _aKhurml .R.J
245 _aA TextBook of Machine Design
250 _aFirst
260 _aNew Delhi
_bEurasia Pub
_c2018
300 _a1230
650 _aFMP
700 _aGupta.J.K
856 _uFMP
999 _c184
_d184